| 000 | 00673nas a2200229 4500 | ||
|---|---|---|---|
| 001 | BR0801946 | ||
| 003 | BR-BrBNA | ||
| 005 | 20231205111831.0 | ||
| 007 | ta | ||
| 008 | 230509b bl.|||p| |||| 00| 00por d | ||
| 040 |
_aBR-BrBNA _bpor _cBiblioteca Nacional de Agricultura |
||
| 041 | _a(En) | ||
| 072 | _aL20 | ||
| 100 | 1 | _aCallaghan, C.J. | |
| 245 | 1 | _aNew taxa of Neotropical Riodinidae (Lepidoptera) | |
| 650 | _aINSETO | ||
| 650 | _aBORBOLETA | ||
| 650 | _aECOLOGIA ANIMAL | ||
| 773 | 0 |
_tRevista Brasileira de Zoologia (Brazil) _xISSN 0101-8175 _g(Dec 1999), v. 16(4) p. 1045-1064 _wBR0801946 |
|
| 909 |
_a202311 _bLúcia _c55 _dLúcia Elande |
||
| 942 |
_2AGRIS _n0 _cANA |
||
| 999 |
_c194708 _d194708 |
||